000 00408nam a22001217a 4500
082 _a220 PRO
100 _aASC NABEEL ANJUM ASC NOSHABA NAEEM PC WARDA REHMAN
_970662
245 _aPR-SOF-1847-DriveX Smart Fleet Management System
260 _aISLAMABAD
_bNUST COLLEGE OF EME
_c2019
650 _aDE-COMP-37
_970663
700 _aSUPERVISOR Lec. Ali Saeed Assist. Prof. SAJID GUL KHAWAJA
_970664
942 _cCR
999 _c577588
_d577588